|
|
|
|
| LEADER |
00717nam a2200181 i 4500 |
| 001 |
misc74828 |
| 005 |
20240624154154.0 |
| 008 |
240624s1941 hu o 000 hun d |
| 040 |
|
|
|a SZTE Miscellanea Repozitórium
|b hun
|
| 041 |
|
|
|a hun
|
| 245 |
0 |
0 |
|a Tanterv és útmutatások a nyolcosztályos népiskola számára - II. kötet
|h [elektronikus dokumentum] :
|b A tanterv anyagának részletezése
|
| 260 |
|
|
|a Királyi Magyar Egyetemi Nyomda
|b Budapest
|c 1941
|
| 300 |
|
|
|a 270
|c 18 cm
|
| 561 |
|
|
|a Archív földrajztankönyvek
|
| 650 |
|
4 |
|a Társadalomtudományok
|
| 650 |
|
4 |
|a Oktatástudomány
|
| 695 |
|
|
|a Tanterv - általános iskola
|
| 856 |
4 |
0 |
|u http://misc.bibl.u-szeged.hu/74828/1/foldrajztankonyv_099.pdf
|z Dokumentum-elérés
|